Fußball Vereine aus Niedersachsen - Statistiken

Allgemein
  • Dieses Quiz wurde 119 mal gespielt
  • Das Durchschnittsergebnis liegt bei 7 aus 14
Antwortstatistiken
Liga Verein % Korrekt
2B Hannover 96
97%
B Wolfsburg
92%
2B Eintracht Braunschweig
85%
3L Osnabrück
72%
RL Oldenburg
63%
RL Meppen
58%
RL Kickers Emden
57%
3L Havelse
56%
RL Hannover 96 II
39%
RL Jeddeloh
30%
RL Drochtersen/Assel
27%
RL Blau-Weiss Lohne
20%
RL HSC Hannover
19%
RL Schöningen
15%
Keine übereinstimmenden Quizze gefunden
Verteilung der Resultate
Anzahl Personen mit jedem Resultat
Perzentil nach korrekt beantworteten Fragen
Ihre Resultats-Entwicklung
Sie haben dieses Quiz noch nicht gespielt